[Event "EU-Cup 32nd"]
[Site "Novi Sad"]
[Date "2016.11.11"]
[Round "6.1"]
[White "Ivanchuk, Vassily"]
[Black "Predojevic, Borki"]
[Result "1-0"]
[WhiteElo "2733"]
[BlackElo "2636"]
[Annotator "Sumets,A"]
[PlyCount "59"]
[EventDate "2016.11.06"]
[EventType "team-swiss"]
[EventRounds "7"]
[EventCountry "SRB"]
[SourceTitle "CBM 176"]
[Source "ChessBase"]
[SourceDate "2017.01.17"]
[SourceVersion "1"]
[SourceVersionDate "2017.01.17"]
[SourceQuality "1"]
[WhiteTeam "Ashdod"]
[BlackTeam "Vaalerenga"]
[WhiteTeamCountry "ISR"]
[BlackTeamCountry "NOR"]

1. d4 Nf6 2. c4 e6 3. Nf3 d5 4. Bg5 h6 5. Bxf6 Qxf6 6. Nc3 c6 7. Qb3 dxc4 8.
Qxc4 Nd7 9. Rd1 ({Another main continuation is} 9. e3 g6 10. Ne4 {This year
Levon Aronian has played it twice against Anish Giri.} (10. Be2 Bg7 11. O-O O-O
12. Rfd1 Qe7 (12... e5 {Carlsen,M (2710)-Onischuk,A (2650) 1-0 (38) Biel 2007,
annotated by M. Carlsen.}) 13. Ne4 Rd8 14. Qc2 f5 15. Nc3 e5 16. d5 e4 17. Nd4
Nb6 (17... Ne5 $1 18. dxc6 bxc6 19. Na4 Be6 $11) 18. dxc6 Bxd4 19. cxb7 Bxb7
20. Rxd4 Rxd4 21. exd4 {Ipatov,A (2625) -Cheparinov,I (2681) Baku 2015 1-0 (65)
. Black has merely some activity for the sacrificed pawn, but not full
compensation.}) 10... Qe7 11. Ne5 Qb4+ (11... Bg7 12. f4 O-O 13. Be2 Kh7 14.
O-O f5 15. Nxd7 Bxd7 16. Nc5 b6 17. Nxd7 Qxd7 18. Rac1 $14 {Sharafiev,A (2418)
-Riazantsev,A (2651) 1/2 (44) Sochi RUS 2016}) 12. Qxb4 Bxb4+ 13. Ke2 Be7 14.
f3 (14. f4 b6 15. Kf2 Bb7 16. Rd1 Rd8 17. Be2 O-O 18. Bf3 c5 19. Ng3 Nxe5 20.
dxe5 Ba6 $11 {Aronian,L (2792)-Giri,A (2798) 1/2 (37) Zurich SUI 2016}) 14...
Rg8 15. Rc1 f5 16. Nxd7 Kxd7 17. Nd2 b6 18. Kf2 Bb7 $11 {Aronian,L (2786)-Giri,
A (2793) Moscow RUS 2016 1/2 (42)}) 9... g6 10. a3 (10. g3 Bg7 11. Bg2 (11. Bh3
$5 {Prophylaxis against e5. It seems to me that Black can easily level the
game after} O-O 12. O-O Qe7 13. Rfe1 Rb8 14. e4 Rd8 $11 {White can't get any
benefits from his pawn centre and good development.} 15. Bg2 (15. e5 $6 b5 16.
Qe2 Bb7 17. Bg2 c5 $15) 15... e5 16. d5 Nb6 17. Qb3 cxd5 (17... Bd7 18. Rd2 (
18. a4 $6 Qc5 19. Rc1 Qa5 $15) 18... Rbc8 19. Red1 $13) 18. exd5 Bf5 19. h3 h5
20. Nd4 Bd7 21. Ndb5 Bxb5 22. Nxb5 Nc8 $11 {Neverov,V (2485)-Potkin,V (2605)
Jerusalem 2015 1/2 (42)}) 11... O-O 12. Qb3 Qe7 13. O-O b6 14. e3 Bb7 15. Nd2
Nf6 16. Rc1 (16. Nc4 Rfd8 17. a4 Rac8 18. a5 Ba6 19. axb6 axb6 20. Qa4 Bxc4 21.
Qxc4 $11) 16... Rfd8 17. Rfd1 Rac8 18. Nc4 c5 19. Bxb7 Qxb7 20. dxc5 Rxd1+ 21.
Qxd1 Rxc5 $15 {Ivanchuk,V (2746)-Navara,D (2654) Prague 2009 1-0 (43)}) (10. e4
e5 $1 {and Black hasn't any problems getting an equal position:} (10... Bg7 $6
11. e5 ({I don't think that you would consider} 11. a3 {which leads to the
game Ivanchuk,V-Predojevic,B}) 11... Qd8 12. Ne4 O-O 13. Bd3 ({It is worth
considering avoiding ...Qa5+:} 13. Qc3 $5 Qe7 14. Bd3 Nb6 15. O-O Nd5 16. Qc1
$14) 13... Qa5+ 14. Qc3 Qxc3+ 15. bxc3 c5 $6 16. Nxc5 Nxc5 17. dxc5 g5 18. h3
Bd7 19. Be4 Bc6 20. Bxc6 bxc6 21. Ke2 $16 {Ghaem Maghami,E (2556)-Richter,M 
(2473) 1-0 (42) Germany 2013}) 11. d5 Nb6 12. Qb3 Bc5 $1 13. Be2 O-O 14. O-O
Bg4 15. dxc6 bxc6 16. h3 Bxf3 17. Bxf3 h5 18. Ne2 Rfd8 $11 {Moiseenko,A (2701)
-Eljanov,P (2719) 1/2 (38) Lvov 2014}) 10... Bg7 $146 {This leads to a new
position. Black has nothing to complain about concerning the results of the
opening after 10...Qe7:} ({White couldn't get any advantage after} 10... Qe7
11. e4 (11. Ne5 Bg7 12. Nxd7 Bxd7 13. e3 O-O 14. Be2 Rfd8 15. O-O b6 (15... b5
$1 16. Qb3 (16. Qb4 Qxb4 17. axb4 Bf8) 16... c5 17. dxc5 Qxc5 $15) 16. Bf3 Rac8
17. Qa6 Be8 $11 {Geler,A (2330)-Ivanovic, B (2415) 0-1 (29) Cetinje 2009})
11... e5 12. d5 Nb6 13. Qb3 Bg7 14. Be2 O-O 15. O-O Bd7 16. dxc6 (16. Nd2 $5
cxd5 17. exd5 Rac8 18. a4 e4 19. a5 (19. Ndxe4 Bxc3 20. Nxc3 Rxc3 21. Qxc3 Qxe2
22. b3 $44) 19... Rxc3 20. bxc3 Ba4 21. Qa2 Bxd1 22. Rxd1 Nd7 $11) 16... bxc6
17. Qc2 Rfb8 18. Nd2 a5 19. Rb1 h5 20. Nc4 Be6 $11 {Le,Q (2693) -Kasimdzhanov,
R (2684) 1/2 (27) Istanbul 2012}) 11. e4 O-O (11... e5 $1 {Despite the fact
that Black's dark-squared bishop is already on g7, so Black can't play ...Nb6
and ...Bc5 as Eljanov did against Moiseenko, I think that Black can equalise
after 11...e5:} 12. d5 O-O {is the simpliest way to equalise:} ({It seems to
me that 12...Nb6 isn't worse than 12...0-0:} 12... Nb6 $5 13. Qc5 Qe7 14. b4 (
14. d6 $6 {the d6-pawn is rather a weakness.} Qf6 15. Be2 O-O 16. O-O Rd8 17.
Rd2 Bf8 18. Rfd1 Be6 19. b4 (19. Nxe5 Bb3 $17) 19... Bb3 20. Rb1 Rxd6 $17)
14... Qxc5 15. bxc5 Nd7 16. Na4 Bf8 17. Rc1 Rb8 {with the idea ...cxd5 exd5 ...
b5} 18. Nd2 cxd5 19. exd5 b5 20. cxb6 Nxb6 21. Nxb6 axb6 $11) 13. dxc6 Qxc6 14.
Qxc6 (14. Nd5 {is a harmless continuation due to} Qxc4 15. Bxc4 Nf6 16. O-O Bg4
$11) 14... bxc6 {Black's pieces are much better developed and he has at least
equal chances.} 15. Be2 (15. Bc4 Rb8 16. Rd2 Nb6 17. Ba2 (17. Be2 Be6 18. O-O
Rfd8 $15) 17... Ba6 $36) (15. Rd6 Rb8 16. Na4 Nf6 17. Nd2 Ne8 18. Rd3 Nc7 19.
Nc4 Ne6 $11) 15... Rb8 16. Na4 Re8 17. Rc1 Nf8 18. O-O Ne6 $11) 12. e5 Qe7 13.
Ne4 {If Vassily manages to play Be2 and 0-0, his position will be much better.
It is quite obvious that Black shouldn't play ...f6, so Black has to aim for ..
.c5.} Rd8 $6 {Now Borki finds himself in a nasty position.} ({Black should
have tried to get some counterplay with} 13... c5 $1 14. Qc3 $5 {White wants
to force Black to take on d4:} (14. Be2 $6 {with the same idea. It doesn't
work due to} b5 $1 15. Qxb5 cxd4 16. Nxd4 Nxe5 $15) (14. Nxc5 $1 Nxc5 15. Qxc5
(15. dxc5 Bd7 16. Be2 Bc6 17. O-O Rac8 18. Rc1 Qc7 $11) 15... Qd8 16. Bd3 b6
17. Qc2 Bb7 18. Be4 Rc8 19. Qd3 Bxe4 20. Qxe4 Qc7 21. O-O Qc2 $44 {Black
should make a draw.}) 14... cxd4 15. Qxd4) 14. Qc3 Nb6 15. Bd3 Nd5 16. Qc1 Bd7
({The last chance to avoid a passive position is} 16... b6 $5 17. Qxc6 ({
Probably White shouldn't take on c6, but in this case Black can put his bishop
on b7, where it is quite active. Black can also sacrifice an exchange after
Nd6.} 17. O-O Bb7 18. Rfe1 c5 $5 19. dxc5 bxc5 20. Qxc5 (20. Nd6 Rxd6 21. exd6
Qxd6 $44) 20... Qxc5 21. Nxc5 Nf4 22. Nxb7 Rxd3 $44 {Black should make a draw.}
) 17... Bb7 18. Qc2 (18. Qc1 g5 $5 19. O-O (19. g3 $6 g4 20. Nh4 Rac8 21. Qd2
f5 22. exf6 Nxf6 $15 {Black will regain the d4-pawn}) 19... Nf4 20. Qd2 Nxd3
21. Qxd3 g4 22. Nf6+ $8 Bxf6 23. exf6 Qxf6 24. Ne5 Qg5 $11) 18... Nf4 19. O-O
Rac8 20. Qd2 g5 21. Bb1 Rc4 $44) 17. O-O $14 {White has completed his
development; his position is much better.} a5 {I'm not sure that Black needs
to push ...a5.} (17... Be8 $5 18. Rfe1 Rac8 19. h4 b6 20. b4 Ra8 {then ...a5.})
18. Rfe1 b6 19. h4 $1 c5 {Finally Borki played ...c5. He couldn't wait any
longer.} (19... Be8 $6 20. h5 g5 21. Bc4 Ra7 22. Nh2 $16 {seems to be
unpleasant for Black.}) 20. dxc5 bxc5 21. Nd6 $1 ({Black would have get some
compensation after} 21. Qxc5 Qxc5 22. Nxc5 Be8 23. Rd2 Rab8 $44) 21... Rab8 ({
Probably Black should have sacrificed an exchange after} 21... Ba4 $5 22. Rd2
Rxd6 $5 23. exd6 Qxd6 24. Qc4 Be8 25. h5 $14) 22. Qxc5 Rxb2 23. Be4 $16 Be8 $6
(23... a4 24. Bxd5 exd5 25. Qxd5 Be6 26. Qd4 Rdb8 {Black still has chances to
survive.}) 24. Qxa5 Bxe5 $2 {A blunder. In any case Black's position is very
difficult.} (24... Rdb8 25. Bxd5 exd5 26. h5 $1 $16) 25. Nxe5 $18 Rxd6 26. Bxd5
Rb5 (26... Rxd5 27. Rxd5 exd5 28. Qc3 Rb8 29. Nxg6 $18) 27. Qa8 $1 Rd8 {
The following lines are too easy for Ivanchuk.} (27... Kg7 28. Bf3 Rxd1 29.
Bxd1 $18) (27... Rbxd5 28. Nxg6 $1 fxg6 (28... Rxd1 29. Nxe7+ Kf8 30. Ng6+ $1
$18) 29. Rxd5 Rxd5 30. Qxd5 $18) 28. Nc6 Bxc6 29. Qxc6 Rc5 30. Rxe6 1-0

[Event "EU-chT (Men) 21st"]
[Site "Heraklion"]
[Date "2017.11.06"]
[Round "9.1"]
[White "Lenic, Luka"]
[Black "Giri, Anish"]
[Result "1-0"]
[WhiteElo "2650"]
[BlackElo "2762"]
[Annotator "Szabo,Kr"]
[PlyCount "149"]
[EventDate "2017.10.28"]
[EventType "team-swiss"]
[EventRounds "9"]
[EventCountry "GRE"]
[SourceTitle "CBM 182"]
[Source "ChessBase"]
[SourceDate "2018.01.17"]
[SourceVersion "1"]
[SourceVersionDate "2018.01.17"]
[SourceQuality "1"]
[WhiteTeam "Slovenia"]
[BlackTeam "Netherlands"]
[WhiteTeamCountry "SLO"]
[BlackTeamCountry "NED"]

1. d4 d5 2. c4 c6 3. Nf3 Nf6 4. Nc3 e6 5. Bg5 h6 6. Bxf6 (6. Bh4 dxc4 7. e4 g5
8. Bg3 b5 {is the sharper main line in the Moscow Variation.}) 6... Qxf6 7. e3
g6 8. Be2 Bg7 9. O-O O-O 10. e4 dxc4 (10... dxe4 {is another possibility.}) 11.
Bxc4 Qd8 (11... Nd7 {is more common.}) 12. e5 c5 {Black immediately attacks
White's centre. He has the bishop pair, so he wants to open the position.} 13.
dxc5 Nd7 14. Qe2 Nxc5 15. Rfd1 ({3 years ago Giri had a game with} 15. Rad1 {,}
Qe7 16. Rd6 b6 17. Rfd1 Nb7 18. R6d2 Na5 19. Bd3 Bb7 20. Be4 Rad8 21. Rd6 Bxe4
22. Nxe4 Nb7 23. Rxd8 Rxd8 $11 {Bacrot-Giri, Linares 2014; with an equal
position; later Black managed to win.}) 15... Qe7 16. Nb5 Bd7 17. Nd6 a5 $6
$146 {A novelty, but this is a dubious move, because he weakens the light
squares.} (17... Bc6 {was important,} 18. Nd4 Qg5 19. Nxc6 bxc6 20. b4 $1 (20.
Re1 $6 {is dubious, as} Nd7 21. Qe4 Nxe5 22. f4 Nf3+ $1 23. Kh1 Qc5 24. Qxf3
Qxd6 $17 {Lupulescu-Mamedyarov, Baku 2016; and Black looks nicely placed.})
20... Na4 21. Re1 Nc3 22. Qe3 Qxe3 23. Rxe3 Nd5 $11 {with an equal position.})
18. Qe3 b6 19. Nd4 Rad8 20. Rd2 f6 $5 {White is very active, so Black tries to
complicate the position. Nevertheless White already has an advantage.} 21. Nb3
fxe5 ({In the event of} 21... Nxb3 22. Qxb3 fxe5 (22... Rb8 $2 {could have
been met by the brilliant} 23. Nf5 $3 gxf5 24. Rxd7 $1 $18 {and White is
winning.}) 23. Qxb6 $16) 22. Nxc5 bxc5 23. Qxc5 Rf4 24. Qc7 {Threatening Bxe6.}
({The immediate} 24. Qxa5 $16 {was also better for White.}) 24... Kf8 25. Qxa5
Rd4 26. Rxd4 exd4 27. Ne4 d3 (27... Kg8 28. Nc5 $16 {is also unpleasant for
Black.}) 28. Rd1 $1 {The most accurate reply.} Bc6 (28... Bxb2 {is also
hopeless, because of} 29. Rxd3 $18) 29. Nc5 Bd5 30. b3 $1 {A safe and a good
move.} ({The greedy} 30. Rxd3 $6 {could have been met by} Rc8 $1 31. Bxd5 Qxc5
32. Qxc5+ Rxc5 33. Bf3 Bxb2 {still Black has some chances to survive.}) 30...
Bd4 31. Nxd3 Be4 {Black keeps the bishop pair and tries to create some threats.
} 32. Qe1 $1 {A professional move, White protects everything and avoids
Black's threats.} Bf5 33. g3 ({Probably} 33. Ne5 $1 $18 {was stronger, as
suggested by the engine.}) 33... Qa7 34. Qe2 Kg7 ({Even} 34... h5 $5 {gave the
best practical chance.}) 35. g4 $1 $18 {Another strong move, White forces the
exchange of part of the bishop pair.} Bxd3 36. Bxd3 (36. Rxd3 $1 {was more
accurate, for example:} Rf8 37. Qxe6 $1 Bxf2+ ({or} 37... Rxf2 38. Qg8+ Kf6 39.
Qh8+ $18 {wins.}) 38. Kg2 $18 {and Black has to resign.}) 36... Rf8 37. Rf1 e5
38. Kg2 Qb6 39. Be4 Rf7 40. Qd2 ({The immediate} 40. f3 $18 {was also fine.})
40... Rf4 41. f3 Rf7 42. Rb1 {Prepares for a4.} Be3 43. Qc3 Bf4 44. Qc6 {
The best practical move to exchange the queens.} Qxc6 45. Bxc6 Rc7 46. Be4 Rd7
47. Rb2 {White has to defend against ...Rd2.} h5 48. h4 Rd2+ 49. Rxd2 Bxd2 {
White is two pawns up; moreover they are connected passed pawns on the
queenside, so Black has no chance to survive.} 50. Kf2 {Otherwise ...Be1.} Bb4
51. g5 $1 {As the principle says: In opposite coloured bishop endgames the
stronger side has to fix the pawns on the same colour as that of the opposing
bishop.} Kf7 52. a4 Ba5 53. Ke2 Bb4 54. Kd3 {White has to sacrifice the
h4-pawn.} Be1 55. Kc4 Bxh4 56. a5 Bxg5 {White has sacrificed his g- and h-pawn
to advance his queenside pawns.} 57. a6 (57. b4 $18) 57... Be3 58. Kd5 h4 59.
Bd3 h3 60. Bf1 h2 61. Bg2 Kf6 62. b4 Kf5 63. Kc6 Kf4 64. b5 Kg3 65. Bh1 Kf2 66.
b6 Kg1 67. a7 Kxh1 68. a8=Q Kg2 69. b7 h1=Q 70. b8=Q Bf4 71. Qc8 {A smart
solution.} Qc1+ ({There is a nice way of winning after} 71... Kxf3 {,} 72. Kc5+
e4 73. Qxe4+ $1 Kxe4 74. Qc6+ $18 {.}) 72. Kd7 Qd2+ 73. Ke8 g5 74. Qg4+ Kf2 75.
Qa1 {A nice victory by Lenic!} 1-0

[Event "Dresden zt 1.2"]
[Site "Dresden"]
[Date "1998.04.29"]
[Round "2"]
[White "Baumegger, Siegfried"]
[Black "Soln, Primoz"]
[Result "0-1"]
[WhiteElo "2495"]
[BlackElo "2350"]
[Annotator "Tsesarsky,I"]
[PlyCount "63"]
[EventDate "1998.04.28"]
[EventType "swiss"]
[EventRounds "11"]
[EventCountry "GER"]
[SourceTitle "CBM 065"]
[Source "ChessBase"]
[SourceDate "1998.08.06"]
[SourceVersion "1"]
[SourceVersionDate "1998.08.06"]
[SourceQuality "1"]

1. d4 d5 2. c4 c6 3. Nf3 e6 4. Qc2 Nf6 5. Bg5 h6 6. Bxf6 Qxf6 7. g3 (7. e3 Nd7
8. cxd5 exd5 9. Bd3 Bd6 10. O-O O-O 11. Nbd2 Qe7 $11 {Kraidman,Y-Agdestein,S/
Jerusalem 1986/0-1 (48)}) (7. e4 dxe4 8. Qxe4 Bb4+ 9. Nc3 c5 10. Rc1 (10. Bd3
cxd4 11. Nxd4 Bxc3+ 12. bxc3 a6 13. O-O Nd7 14. Bc2 Nc5 15. Qe3 O-O 16. Nb3 Na4
17. Nd4 Nc5 $11 {1/2-1/2 Giffard,N-Hagege,G/FRA-chT 1994 (41)}) 10... cxd4 11.
Nxd4 O-O 12. Bd3 Rd8 13. Qh7+ Kf8 14. Nde2 Bxc3+ 15. Rxc3 Bd7 16. O-O Bc6 17.
Ng3 Nd7 18. Be4 Bxe4 19. Nxe4 Qf5 20. Qxf5 exf5 21. Nd6 $14 {1-0 Garcia
Gonzales,G-Bany,J/Polanica Zdroj 1987 (39)}) (7. Nbd2 Nd7 8. e3 Bd6 (8... Qd8
9. Bd3 Be7 10. O-O-O O-O 11. Kb1 c5 12. h4 a6 13. cxd5 exd5 14. g4 $14 {
1-0 Neverov,V-Beshukov,S/Russian Cup Stage 1998 (38)}) 9. Bd3 Qe7 10. e4 dxe4
11. Bxe4 c5 12. O-O cxd4 13. Nb3 Nc5 14. Nbxd4 a6 15. Rfe1 Qc7 16. Nf5 Nxe4 17.
Qxe4 Bf8 18. Qd4 f6 19. Rad1 Kf7 20. Nd6+ $11 {Goldin,A-Bareev,E/URS-chT
Podolsk 1990/1/2-1/2 (41)}) 7... Nd7 (7... b6 8. Bg2 Bb7 9. O-O Bd6 10. Nbd2
Nd7 11. e4 Qg6 12. Nh4 Qh7 13. Qa4 dxc4 14. e5 (14. Nxc4 $14) 14... b5 15. Qa5
Bb8 16. a4 a6 17. Be4 Qg8 18. b3 $14 {1-0 Kabatenski,A-Fischer,M/Baden Baden
op 1993 (35)}) 8. Bg2 (8. Nbd2 dxc4 9. Bg2 Bb4 10. Qxc4 Qe7 11. O-O Bd6 12. Ne4
$14 {1/2-1/2 Schlosser,P-Godena,M/Horgen SKA 1994 (30)}) 8... Bb4+ (8... dxc4
9. Qxc4 e5 10. dxe5 Nxe5 11. Nxe5 Qxe5 12. Bxc6+ bxc6 13. Qxc6+ Kd8 14. Nc3 {
1-0 Yermolinsky,A-Kalikshteyn,A/New York Open 1993}) (8... g6 9. O-O Qf5 10.
Qb3 Bg7 11. Nbd2 O-O 12. Rac1 Rd8 13. Rfd1 Nb6 $132 (13... e5 $4 14. cxd5 exd4
(14... e4 15. dxc6 exf3 16. e4 Qf6 17. cxd7 $18) 15. Nh4 Qg5 16. dxc6 $18 {
1-0 Cvitan,O-Goloshchapov,A/Open, Cappelle la Grande FRA 1998 (25)})) 9. Nc3 $6
(9. Nbd2 $11) 9... O-O $6 (9... dxc4 10. O-O O-O (10... b5 11. a4 $16) 11. Ne4
Qf5 $15) 10. O-O $6 $15 (10. Qb3 $11) 10... dxc4 11. Ne4 Qf5 12. Qxc4 (12. e3
b5 $15) 12... Qxe4 13. Qxb4 $2 $17 (13. Nd2 $3 Qxg2+ $1 (13... Nb6 14. Bxe4 (
14. Qxb4 Qxe2 $17) 14... Nxc4 15. Nxc4 $11) (13... Qg4 14. Bf3 Ne5 15. Bxg4
Nxc4 16. Nxc4 Rd8 17. Rfd1 $11) 14. Kxg2 Bxd2 $15) 13... Qxe2 14. Rfe1 Qa6 15.
Ne5 (15. Qd6 Nb6 $17) 15... Qb6 (15... Nxe5 16. dxe5 Bd7 17. Rad1 Rad8 18. Rd6
Bc8 19. Red1 Rxd6 20. exd6 Bd7 $15) 16. Qe7 (16. Qc3 Rd8 $17) 16... Nf6 (16...
Nxe5 $2 17. dxe5 Qxb2 18. Rad1 Qc3 (18... Qxa2 $4 19. Rd8 Rxd8 20. Qxd8+ Kh7
21. Be4+ g6 22. Qf8 $18) 19. Re3 (19. Be4 f5 20. exf6 Qxf6 $17) 19... Qb2 20.
Red3 $16) 17. Rad1 (17. b3 Qd8 (17... Qxd4 18. Rad1 Qc3 (18... Qb6 $2 19. Nc4
$1 Qa6 20. Rd8 Rxd8 21. Qxd8+ Kh7 22. Nd6 Qd3 23. Nxf7 Qxd8 24. Nxd8 Nd5 25.
Nxe6 Bxe6 26. Rxe6 Rd8 27. Be4+ $14) 19. Re3 Qa5 20. b4 $1 Qb6 (20... Qxa2 21.
Rd8 Rxd8 22. Qxd8+ Kh7 23. Nxf7 Qb1+ 24. Bf1 Ng4 25. Re4 Qxe4 26. Bd3 Qxd3 27.
Qxd3+ Kg8 28. Qg6 $16) 21. Nc4 Qa6 22. Rd8 Rxd8 23. Qxd8+ Kh7 24. Nd6 Qb6 25.
Nxf7 Qxd8 26. Nxd8 Nd5 $17) 18. Qc5 Nd5 $17) 17... Qxb2 $19 18. Rd3 a5 19. a3
Qb6 20. h4 Qd8 21. Qc5 a4 22. Qc1 Ra5 23. g4 Nh7 (23... Rxe5 24. Rxe5 (24. dxe5
Qxd3 25. exf6 Rd8 26. fxg7 Kxg7 $19) 24... Nxg4 25. Re2 Qd6 (25... Qxh4 26. Qf4
e5 27. dxe5 Re8 28. Bh3 h5 $19) 26. Rg3 Qxd4 27. Rd2 Qf4 $19) 24. Ree3 (24. Qd2
Rb5 $19) 24... Qxh4 25. Rh3 Qd8 26. f4 f6 27. Nc4 (27. Ng6 Re8 $19) 27... Rb5
28. Qc2 Qc7 29. Rdf3 Rd8 30. Qe4 Rbd5 31. Rd3 c5 32. g5 0-1